书目信息 |
| 题名: |
中文版FrontPage 2000入门与提高
|
|
| 作者: | 姜晓铭 , 杜吉祥 主编 | |
| 分册: | ||
| 出版信息: | 北京 国际文化出版公司 2000.04 |
|
| 页数: | 251页 | |
| 开本: | 16开 | |
| 丛书名: | ||
| 单 册: | ||
| 中图分类: | TP393.492 | |
| 科图分类: | ||
| 主题词: | 计算机应用 | |
| 电子资源: | ||
| ISBN: | 7-80105-797-X | |
| 000 | 00646nam0 2200205 45 | |
| 001 | 0104091440 | |
| 005 | 20010409144207.1 | |
| 010 | @a7-80105-797-X@d22.80元 | |
| 100 | @a20010409d2000 km y0chiy0120 ea | |
| 101 | 0 | @achi |
| 105 | @a z 000yy | |
| 200 | 1 | @a中文版FrontPage 2000入门与提高@AZhong Wen Ban FrontPage 2000 Ru Men Yu Ti Gao@f姜晓铭,杜吉祥主编@FJiang Xiao Ming,Du Ji Xiang Zhu Bian |
| 210 | @a北京@c国际文化出版公司@d2000.04 | |
| 215 | @a251页@d16开 | |
| 606 | 0 | @a计算机应用 |
| 690 | @aTP393.492@v3 | |
| 701 | 0 | @a姜晓铭@4主编 |
| 701 | 0 | @a杜吉祥@4主编 |
| 801 | @aCN@bPftUser@c20010409 | |
| 905 | @b336537-539@dTP393.492@eJ542@f3 | |
| 中文版FrontPage 2000入门与提高/姜晓铭,杜吉祥主编.-北京:国际文化出版公司,2000.04 |
| 251页;16开 |
| ISBN 7-80105-797-X:22.80元 |
| ● |
| 相关链接 |
|
|
|
正题名:中文版FrontPage 2000入门与提高
索取号:TP393.492/J542
 
预约/预借
| 序号 | 登录号 | 条形码 | 馆藏地/架位号 | 状态 | 备注 |
| 1 | 336537 | 203365376 | 自科二线504/504自科库 31排4列3层/ [索取号:TP393.492/J542] | 在馆 | |
| 2 | 336538 | 203365385 | 自科二线504/504自科库 31排4列3层/ [索取号:TP393.492/J542] | 在馆 | |
| 3 | 336539 | 203365394 | 自科二线504/504自科库 31排4列3层/ [索取号:TP393.492/J542] | 在馆 |